000 00781nam a2200193 a 4500
005 20161013105952.0
008 161013s2012 ko d||||r|||| 00| 0 spa d
040 _aCO-BoIAVH
_cCO-BoIAVH
041 0 _aspa
044 _ako
082 0 4 _a333.72076
_bU33c
111 2 _aUICN Congreso Mundial de la Naturaleza
_d(6 - 15 de septiembre de 2012 :
_cJeju (Corea del Sur))
245 1 0 _aUICN Congreso Mundial de la Naturaleza Jeju 2012 :
_bPrograma
260 _aJeju (Corea del Sur) :
_bUICN,
_c2012.
300 _a135 pƔginas :
_btablas ;
_c30 x 21 cm.
611 2 0 _aUICN Congreso Mundial de la Naturaleza
_d(6 - 15 de septiembre de 2012 :
_cJeju (Corea del Sur))
650 2 6 _aConservación de la naturaleza
_xPrograma
_vCongresos
_z2012
942 _2ddc
_cLIBRO
999 _c19084
_d19084